| 000 | 00897nam a2200217 i 4500 | ||
|---|---|---|---|
| 001 | 50995 | ||
| 003 | ES-MaACL | ||
| 005 | 20251220170517.0 | ||
| 007 | t| | ||
| 008 | 030808s1971 sp ||||1| spa d | ||
| 111 | 0 |
_aCurso-Seminario sobre España y el Desarrollo e Integración Latinoamericanos _d(1970. _cMadrid) _9613 |
|
| 245 | 1 | 0 |
_aCurso-Seminario sobre España y el Desarrollo e Integración Latinoamericanos _b: informe final, ponencias, coloquios, conclusiones, comunicaciones, discursos. |
| 260 |
_aMadrid : _bInstituto de Cultura Hispánica, _c[1971] |
||
| 300 |
_a699 p. ; _c30 cm. |
||
| 650 | 4 |
_aDesarrollo económico- _zAmérica latina. _911792 |
|
| 651 | 4 |
_aEspaña- _xRelaciones económicas- _zAmérica Latina _98480 |
|
| 710 | 2 |
_aInstituto de Cultura Hispánica (España) _94854 |
|
| 852 |
_aES-MaACL _jC-40989 |
||
| 852 |
_aES-MaACL _jC-40990 |
||
| 999 |
_c50995 _d50995 |
||